Catálogo

Vista normal Vista MARC

Entrada Personal Name

Número de registros utilizados en: 1

001 - CONTROL NUMBER

  • control field: 17261

003 - CONTROL NUMBER IDENTIFIER

  • control field: DLC

005 - DATE AND TIME OF LATEST TRANSACTION

  • control field: 20250627153555.0

008 - FIXED-LENGTH DATA ELEMENTS

  • fixed length control field: 071105n| azannaabn |a aaa

010 ## - LIBRARY OF CONGRESS CONTROL NUMBER

  • LC control number: n 2007079569
  • Canceled/invalid LC control number: n 2006085947

040 ## - CATALOGING SOURCE

  • Original cataloging agency: DLC
  • Language of cataloging: spa
  • Description conventions: rda
  • Transcribing agency: Mx-PuUPA
  • Modifying agency: DLC
  • Modifying agency: Mx-PuUPA

046 ## - SPECIAL CODED DATES

  • Birth date: 1938

100 1# - HEADING--PERSONAL NAME

  • Personal name: Fernández-Carvajal, Francisco,
  • Dates associated with a name: 1938-

370 ## - ASSOCIATED PLACE

  • Place of birth: Granada (España)
  • Source of term: naf

374 ## - OCCUPATION

  • Occupation: Autor

375 ## - GENDER

  • Gender: hombre

377 ## - ASSOCIATED LANGUAGE

  • Language code: spa

400 1# - SEE FROM TRACING--PERSONAL NAME

  • Personal name: Carvajal, Francisco Fernández-
  • Dates associated with a name: 1938-

400 1# - SEE FROM TRACING--PERSONAL NAME

  • Personal name: Fernández-Carvajal, Francis
  • Dates associated with a name: 1938-

400 1# - SEE FROM TRACING--PERSONAL NAME

  • Personal name: Fernández, Francis
  • Dates associated with a name: 1938-

670 ## - SOURCE DATA FOUND

  • Source citation: El día que cambié mi vida, 2003:
  • Information found: t.p. (Francisco Fernández-Carvajal)

670 ## - SOURCE DATA FOUND

  • Source citation: In conversation with God, c2000:
  • Information found: t.p. (Francis Fernandez) jkt (b. in Granada in 1938; doctorate in canon law from Angelicum in Rome; priest of the Opus Dei Prelature; ordination in 1964)